000 03329 a2200505 4500
001 18819243
003 00000
005 20260313104209.0
008 151015s2015 ii 001 0 eng d
010 _a 2015458467
020 _a9789356963337
035 _a18819243
035 _a(OCoLC)973225916
040 _aFQM
_beng
_cFQM
_erda
_dOCLCO
_dOCLCQ
_dOCLCF
_dOCLCA
_dUKHLN
_dDLC
042 _alccopycat
050 0 0 _aRE 46 .K48
082 0 4 _a617.7
_220
100 1 _aKhurana, A. K.,
_eauthor.
245 1 0 _aComprehensive Ophthalmology:
_bAs per competency based medical education curriculum (NMC)
_cA.K. Khurana, MS, FAICO, CTO (London), Senior Professor and Head, Regional Institute of Ophthalmology, Postgraduate Institute of Medical Sciences, Rohtak, Haryana, India, Aruj K. Khurana, DNB (Sankara Nethralaya, Chennai), FICO, Department of Ophthalmology, Himalayan Institute of Medical Sciences, Jolly Grant, Dehradun (UK), India, Bhawna Khurana, MS, DNB, FICO, Department of Ophthalmology, All India Institute of Medical Sciences (AIIMS), Rishikesh (UK), India.
250 _a9th ed.
264 1 _aNew Delhi ;
_aPhiladelphia :
_bJaypee, The Health Sciences Publisher,
_c2023
300 _axx, 498p. ill.
336 _atext
_btxt
_2rdacontent
337 _aunmediated
_bn
_2rdamedia
338 _avolume
_bnc
_2rdacarrier
500 _aIncludes index.
504 _aIncludes bibliographical references and index.
505 0 _aAnatomy and development of eye -- Physiology of eye and vision -- Elementary and physiological optics -- Errors of refraction and accommodation -- Diseases of conjunctiva -- Diseases of cornea -- Diseases of sclera -- Diseases of uveal tract -- Diseases of lens -- Glaucoma -- Diseases of vitreous -- Diseases of retina -- Neuro-ophthalmology -- Disorders of ocular motility -- Disorders of eyelids -- Diseases of lacrimal apparatus -- Diseases of orbit -- Ocular injuries -- Ocular pharmacology -- Lasers and cryotherapy in ophthalmology -- Systemic ophthalmology -- Community ophthalmology -- Clinical methods in ophthalmology -- Clinical ophthalmic cases -- Darkroom procedures -- Ophthalmic instruments and operative ophthalmology.
520 _aThe supplementary book Review of Ophthalmology is also thoroughly revised and updated with recent advances, new concepts and principles of investigation, treatment, and surgical procedures developed since the previous edition. The second half of the book provides multiple choice questions corresponding to each of the twenty review chapters. -- Publisher.
650 0 _aOphthalmology
_vOutlines, syllabi, etc.
650 0 _aOphthalmology
_vProblems, exercises, etc.
650 2 _aOphthalmology.
650 7 _aOphthalmology.
_2fast
_0(OCoLC)fst01046503
655 2 _aOutlines.
655 2 _aProblems and Exercises.
655 7 _aOutlines and syllabi.
_2fast
_0(OCoLC)fst01423836
655 7 _aProblems and exercises.
_2fast
_0(OCoLC)fst01423783
700 1 _aKhurana, Aruj K.,
_eauthor.
700 1 _aKhurana, Bhawna,
_eauthor.
740 0 _aComprehensive Ophthalmology.
906 _a7
_bcbc
_ccopycat
_d2
_encip
_f20
_gy-gencatlg
942 _2lcc
_cBK
999 _c44131
_d44131